Statistics for 2022 Top 10 in HBP, AB per HR, and Walks

Click here to take the quiz!

General Stats

  • This quiz has been taken 4 times
  • The average score is 18 of 30

Answer Stats

HintAnswer% Correct
14.5Anthony Rizzo
100%
23Anthony Rizzo
100%
84Freddie Freeman
100%
14.9Pete Alonso
100%
15.1Rowdy Tellez
100%
111Aaron Judge
67%
9.2Aaron Judge
67%
17Austin Riley
67%
16.2Austin Riley
67%
88ChristianYelich
67%
135Juan Soto
67%
86Kyle Schwarber
67%
12.5Kyle Schwarber
67%
28Mark Cahna
67%
90Max Muncy
67%
16.0Paul Goldschmidt
67%
79Paul Goldschmidt
67%
24Willson Contreras
67%
12.7Yordan Alvarez
67%
87Alex Bregman
33%
25Andres Gimenez
33%
16Brandon Nimmo
33%
12.8Giancarlo Stanton
33%
16Jake Cronenworth
33%
84Jesse Winker
33%
81Josh Bell
33%
14Josh Harrison
33%
16Kyle Farmer
33%
11Mike Trout
33%
21Ty France
33%

Score Distribution

Percentile by Number Answered

Percent of People with Each Score

Your Score History

You have not taken this quiz